Statistics for Most Recently Formed Countries

Click here to take the quiz!

General Stats

  • This quiz has been taken 99 times
  • The average score is 7 of 10

Answer Stats

Date of IndependenceCountries% Correct
9th July 2011South Sudan
99%
17th February 2008Kosovo
91%
3rd June 2006Montenegro
88%
5th June 2006Serbia
80%
20th May 2002East Timor
74%
1st March 1992Bosnia and Herzegovina
70%
1st January 1993Slovakia
63%
1st January 1993Czech Republic
59%
25th May 1994Palau
38%
27th April 1993Eritrea
37%

Score Distribution

Percentile by Number Answered

Percent of People with Each Score

Your Score History

You have not taken this quiz